00201nam a2200085Ia 4500008004100000041000800041100001300049245002100062260003200083231107s1964 xx 000 0 und d aeng aAyn Rand aThe Fountan Head aLondonbA Signet Bookc1964